000 00674nam a2200253Ia 4500
003 OSt
005 20240724112352.0
008 210423s2012 xx 000 0 und d
020 _a9788131790311
040 _cAL
041 _aeng
082 _a332.644
_223
_bHULO
100 _a John C Hull
_995371
245 _aOptics futures and other derivatives
250 _a8th ed.
260 _aNew Delhi
_bPearson
_c2012
300 _axx,872
_bPB
365 _b600
_cINR
650 _aFinancial Economics
_995372
650 _aInvestment Management
_995373
700 _aBasu, Sankarshan
_9174046
906 _aderivatives ; futures ; Optics ; other
942 _2ddc
_cBK
999 _c161370
_d161370